Gradient estimation via perturbation analysis
Αποθηκεύτηκε σε:
| Κύριος συγγραφέας: | |
|---|---|
| Μορφή: | Βιβλίο |
| Γλώσσα: | English |
| Δημοσίευση: |
Boston :
Kluwer Academic Publishers,
c1991
|
| Σειρά: | Kluwer international series in engineering and computer science. Discrete event dynamic systems
|
| Θέματα: | |
| Ετικέτες: |
Προσθήκη ετικέτας
Δεν υπάρχουν, Καταχωρήστε ετικέτα πρώτοι!
|
MARC
| LEADER | 00000nam a2200000 i 4500 | ||
|---|---|---|---|
| 001 | 1/49235 | ||
| 008 | 070726s1991 eng d | ||
| 020 | |a 0-7923-9095-4 | ||
| 035 | |l 10089132 | ||
| 040 | |a GR-MY-UA |b gre |e aacr | ||
| 041 | 0 | |a eng | |
| 082 | 0 | |a 003 |2 (20) | |
| 100 | 1 | |a Glasserman, Paul |d 1962- | |
| 245 | 1 | 0 | |a Gradient estimation via perturbation analysis / |c by Paul Giasserman ; forword [sic] by Yu-Chi Ho |
| 260 | |a Boston : |b Kluwer Academic Publishers, |c c1991 | ||
| 300 | |a xiv. 221 σ.; |b εικ.; |c 25 εκ. | ||
| 490 | 1 | |a The kluwer international series in engineering and computer science. Discrete event dynamic systems | |
| 504 | |a Περιλαμβάνει βιβλιογραφικές παραπομπές (σ. 211-218) και ευρετήριο | ||
| 650 | 0 | 0 | |a System analysis. |
| 650 | 0 | 0 | |a Control theory. |
| 650 | 0 | 0 | |a Perturbation (Mathematics) |
| 830 | 0 | |a Kluwer international series in engineering and computer science. Discrete event dynamic systems | |
| 852 | |a INST |b SAMOS |e 20070726 |h 003. GLA |p 005300025789 |q 005300025789 |t BK |y 0 | ||
| 901 | |a BIBL3-2007-2 | ||
| 909 | |a Σ |b 135827 | ||
| 922 | |a 3ΕΛΗ |b 200706 |c ΕΠΕΑΕΚ2/ΤΣΑΕ |d ΕΛΕΥΘΕΡΟΥΔΑΚΗΣ | ||
| 970 | |a ΚΟΣΙΕΡΗΣ |b ΧΡΗΣΤΟΣ |z 2007/07/26 | ||